Teaching : (Record no. 15801)
[ view plain ]
| 000 -LEADER | |
|---|---|
| fixed length control field | 00495nam a2200157 a 4500 |
| 001 - CONTROL NUMBER | |
| control field | ASIN0170107981 |
| 005 - DATE AND TIME OF LATEST TRANSACTION | |
| control field | 20170105102925.0 |
| 008 - FIXED-LENGTH DATA ELEMENTS--GENERAL INFORMATION | |
| fixed length control field | 131211s2003 xxu eng d |
| 040 ## - CATALOGING SOURCE | |
| Original cataloging agency | 0 |
| 082 ## - DEWEY DECIMAL CLASSIFICATION NUMBER | |
| Classification number | 371.100994 |
| Author Mark | GRO 2003 |
| 100 ## - MAIN ENTRY--PERSONAL NAME | |
| Personal name | Groundwater-Smith, Susan |
| 245 00 - TITLE STATEMENT | |
| Title | Teaching : |
| Remainder of title | challenges and dilemmas infotrac. |
| Statement of responsibility, etc. | Susan Groundwater- Smith |
| 300 ## - PHYSICAL DESCRIPTION | |
| Extent | 1 v. (unpaged) |
| 856 40 - ELECTRONIC LOCATION AND ACCESS | |
| Materials specified | Amazon.com |
| Uniform Resource Identifier | <a href="http://www.amazon.com/exec/obidos/ASIN/0170107981/chopaconline-20">http://www.amazon.com/exec/obidos/ASIN/0170107981/chopaconline-20</a> |
| 942 ## - ADDED ENTRY ELEMENTS (KOHA) | |
| Source of classification or shelving scheme | |
| Koha item type | Book |
| Withdrawn status | Lost status | Damaged status | Not for loan | Collection code | Permanent Location | Current Location | Shelving location | Date acquired | Total Checkouts | Full call number | Barcode | Date last seen | Price effective from | Koha item type |
|---|---|---|---|---|---|---|---|---|---|---|---|---|---|---|
| Central Library (CL) | Central Library (CL) | General Stacks | 09/10/2013 | 371.100994 GRO 2003 | CIPS0001011 | 12/11/2013 | 12/11/2013 | Book |
